00602nam a22002057a 450000500170000001000130001702000230003003500130005303700160006604000120008208200160009410000230011024500780013326000460021127000480025730000250030550000200033065000210035065000250037120170124110238.0 aB-127052 c495.00a8120326342 aB-127052 bCen Lib/Ret aDPLbEN a005.3bWIN  aWinston, Wayne L.  aMicrosoft excel data analysisand business modeling /cby Wayne L. Winston aNew Delhi bPrentice Hall of India c2004 aM-97, Connaught circus bNew Delhi e110001 axi, 602p. c23cm(Hb) aIncludes index  aComputer science aExcel data analysis